Bibhram aru bibhranti (Record no. 9035)

MARC details
000 -LEADER
fixed length control field 00517cam a2200205ua 4500
001 - CONTROL NUMBER
control field 10044
005 - DATE AND TIME OF LATEST TRANSACTION
control field 20260515114546.0
008 - FIXED-LENGTH DATA ELEMENTS--GENERAL INFORMATION
fixed length control field 170323n ii |||gr||||Z||||||asm
040 ## - CATALOGING SOURCE
Transcribing agency MAIN
041 ## - LANGUAGE CODE
Language code of text/sound track or separate title asm
082 ## - DEWEY DECIMAL CLASSIFICATION NUMBER
Classification number 165
100 ## - MAIN ENTRY--PERSONAL NAME
Personal name Goswami, Kailash,
Relator term Author.
245 ## - TITLE STATEMENT
Title Bibhram aru bibhranti
Statement of responsibility, etc. By Kailash Goswami
250 ## - EDITION STATEMENT
Edition statement 1st ed.
260 ## - PUBLICATION, DISTRIBUTION, ETC.
Place of publication, distribution, etc. Assam:
Name of publisher, distributor, etc. Childrens literary trust Assam,
Date of publication, distribution, etc. 2006.
300 ## - PHYSICAL DESCRIPTION
Extent 37p.
653 ## - INDEX TERM--UNCONTROLLED
Uncontrolled term Fallacies & sources of error
653 ## - INDEX TERM--UNCONTROLLED
Uncontrolled term Popular science
942 ## - ADDED ENTRY ELEMENTS (KOHA)
Koha item type Books
Holdings
Withdrawn status Lost status Damaged status Not for loan Home library Current library Shelving location Date acquired Total checkouts Full call number Barcode Date last seen Copy number Price effective from Koha item type
        Naharkatiya College Library Naharkatiya College Library General stacks 09/19/2020   165oGOS 17623 09/19/2020 1 09/19/2020 Books